Central Library OPAC University of Rajshahi

The cease of majesty : (Record no. 55114)

MARC details
000 -LEADER
fixed length control field 00612nam a2200205 a 4500
001 - CONTROL NUMBER
control field 55114
003 - CONTROL NUMBER IDENTIFIER
rucl marc code BD-RjUL
005 - DATE AND TIME OF LATEST TRANSACTION
control field 20211209080221.0
008 - FIXED-LENGTH DATA ELEMENTS--GENERAL INFORMATION
fixed length control field 161114s1961 nyu||||| |||| 00| 0 eng d
035 ## - SYSTEM CONTROL NUMBER
System control number (BD-RjUL)55236
040 ## - CATALOGING SOURCE
Original cataloging agency BD-RjUL
Language of cataloging eng
Transcribing agency BD-RjUL
041 ## - LANGUAGE CODE
Language code of text/sound track or separate title eng
082 ## - DEWEY DECIMAL CLASSIFICATION NUMBER
Edition number 23
Classification number 822.33
Author mark and year REC 1961
100 ## - MAIN ENTRY--PERSONAL NAME
Personal name Reese, M .M .
9 (RLIN) 164280
245 ## - TITLE STATEMENT
Title The cease of majesty :
Remainder of title a study of Shakespeare's history plays /
Statement of responsibility, etc. M.M.Reese.
260 ## - PUBLICATION, DISTRIBUTION, ETC. (IMPRINT)
Place of publication, distribution, etc. London :
Name of publisher, distributor, etc. Edward Arnold,
Date of publication, distribution, etc. 1961.
300 ## - PHYSICAL DESCRIPTION
Pagination 350 p. ;
Illustrations 23 cm
600 ## - SUBJECT ADDED ENTRY--PERSONAL NAME
Personal name Shakespeare, William, -- 1564-1616 -- Histories.
942 ## - ADDED ENTRY ELEMENTS (KOHA)
Source of classification or shelving scheme Dewey Decimal Classification
Koha item type Books
Holdings
Lost status Source of classification or shelving scheme Damaged status Not for loan Collection code Permanent Location Current Location Shelving location Date acquired Source of acquisition Cost, normal purchase price Total Checkouts Full call number Date last seen Copy number Koha item type
  Dewey Decimal Classification     Non-fiction Central Library, University of Rajshahi Central Library, University of Rajshahi   02/04/1964 Zeitlinger 35.00   822.33 REC 1961 14/11/2016 C-2 Books